Normal view
MARC view
Entry Topical Term
001 - CONTROL NUMBER
- control field: 5085
003 - CONTROL NUMBER IDENTIFIER
- control field: ARRUPE
005 - DATE AND TIME OF LATEST TRANSACTION
- control field: 20131204113204.0
008 - FIXED-LENGTH DATA ELEMENTS
- fixed length control field: 131204|| aca||aabn | a|a d
040 ## - CATALOGING SOURCE
- Original cataloging agency: ARRUPE
- Transcribing agency: ARRUPE
150 ## - HEADING--TOPICAL TERM
- Topical term or geographic name as entry element: Shaka, Zulu; Zulu (African people) - Kings & rulers; Ndebele (African people); Zululand (South Africa) - History
670 ## - SOURCE DATA FOUND
- Source citation: Work cat.: (ARRUPE): Selby, John Millin 5084, Shaka's heirs, 1971